| 000 | 00475cam a2200181ua 4500 | ||
|---|---|---|---|
| 020 | _a0-443-021228 | ||
| 041 |
_aeng _h |
||
| 082 |
_a664.028 2 _bHER/CA |
||
| 100 | _aHersom, A C . | ||
| 245 |
_aCanned foods: Thermal processing and microbiology / _cA C Hersom. _hTextual Documents |
||
| 250 |
_a7 / _b. |
||
| 260 |
_aNew York : _bChurchill Living Stone , _c1980. |
||
| 300 | _a380 ; . | ||
| 504 | _a | ||
| 700 | 1 | _aHolland, E D . | |
| 942 | _cBK | ||
| 999 |
_c9167 _d9167 |
||